|
วิทยาลัยพยาบาลบรมราชชนนี ยะลา |
|
แสดงรายละเอียดบรรณานุกรม |
|
|
Brief Record
: Get Marc (ISO 2709)
: E-mail record
: |
|
|
|
| LEADER 00000nam 2200000uu 4500 | |||
| 001 3824 | |||
| 003 ULIBM | |||
| 008 260320s2566||||th 000 0 tha d | |||
| 020 ^a9786164078406 | |||
| 060 0 ^aWJ300^bธ231n | |||
| 100 0 ^aธนา ทองศรีคำ | |||
| 245 00 ^aNephrology Cases Unpuzzled/^cธนา ทองศรีคำ ...[และคนอื่น ๆ] | |||
| 250 ^aพิมพ์ครั้งที่ 1 | |||
| 260 ^aกรุงเทพฯ :^bสำนักพิมพ์จุฬาลงกรณ์มหาวิทยาลัย,^c2566. | |||
| 300 ^a300 หน้า :^bภาพประกอบ ;^c21 ซม. | |||
| 650 7 ^aไต^xโรค | |||
| 650 7 ^aไต^xโรค^xผู้ป่วย^xการรักษา | |||
| 700 0 ^aสุวศิน อุดมกาญจนนันท์ | |||
| 700 0 ^aณัฐฐา ล้ำเลิศกุล | |||
| 700 0 ^aสมกัญญา ตั้งสง่า | |||
| 999 ^aฮัซวานี | |||
| คุณยังไม่ได้ล็อกอิน คุณสามารถมีกิจกรรมร่วมกับเว็บไซต์ได้ แต่ต้องล็อกอินก่อน :: |
|
| สถานะ | |||||||||
| 1. | หนังสือสำรอง สถานะ=หนังสือสำรอง | WJ300 ธ231n 2566 ฉ.1 | ►หนังสือสำรอง | On Shelf ขอยืม | |||||
| 2. | หนังสือทางการพยาบาล | WJ300 ธ231n 2566 ฉ.2 | ►หนังสือ ตำรา ทางการพยาบาล | On Shelf ขอยืม | |||||
| 3. | หนังสือทางการพยาบาล | WJ300 ธ231n 2566 ฉ.3 | ►หนังสือ ตำรา ทางการพยาบาล | On Shelf ขอยืม | |||||
| [แสดง 3/3 รายการ] | |||||||||
| รายการใกล้เคียง หัวเรื่อง [ไต โรค] |
BibComment |
| คอมเมนท์ทรัพยากรรายการนี้ |
|
|